[Event "CRO-chT2 East"]
[Site "Osijek"]
[Date "2013.10.27"]
[Round "11.26"]
[White "Stanic, Ivica"]
[Black "Milosevic, Milutin"]
[Result "1/2-1/2"]
[WhiteElo "2029"]
[BlackElo "2039"]
[PlyCount "86"]
[EventDate "2013.04.20"]
[EventType "team-tourn"]
[EventRounds "11"]
[EventCountry "CRO"]
[SourceTitle "EXT 2023"]
[Source "ChessBase"]
[SourceDate "2022.10.05"]
[SourceVersion "1"]
[SourceVersionDate "2022.10.05"]
[SourceQuality "1"]

1. c4 e6 2. Nc3 d5 3. d4 Nf6 4. cxd5 exd5 5. Bf4 Bd6 6. Bxd6 Qxd6 7. Nf3 0-0 8. e3 c6 9. a3 Bg4 10. Be2 Nbd7 11. 0-0 Rfe8 12. h3 Bh5 13. Nd2 Bg6 14. Re1 h6 15. Rc1 a5 16. Na4 Ne4 17. Nxe4 Bxe4 18. Bd3 Bxd3 19. Qxd3 Re6 20. e4 dxe4 21. Rxe4 Rae8 22. Rce1 Qd5 23. f3 b5 24. Nc3 Qd6 25. Rxe6 Rxe6 26. Rxe6 Qxe6 27. Qe4 Nb6 28. Qxe6 fxe6 29. b3 Kf7 30. Kf2 Ke7 31. h4 Kd6 32. f4 h5 33. Kf3 Nd7 34. g4 g6 35. g5 Nb6 36. Ke2 Nc8 37. Ne4+ Kd5 38. Kd3 Ne7 39. Nc3+ Kd6 40. Ne4+ Kd5 41. Nc3+ Kd6 42. Ne4+ Kd5 43. Nc3+ Kd6 1/2-1/2

[Event "CRO-chT2 East"]
[Site "Osijek"]
[Date "2013.10.12"]
[Round "8.46"]
[White "Milosevic, Milutin"]
[Black "Cabrajac, Zdravko"]
[Result "1-0"]
[WhiteElo "2039"]
[BlackElo "2050"]
[PlyCount "121"]
[EventDate "2013.04.20"]
[EventType "team-tourn"]
[EventRounds "11"]
[EventCountry "CRO"]
[SourceTitle "EXT 2023"]
[Source "ChessBase"]
[SourceDate "2022.10.05"]
[SourceVersion "1"]
[SourceVersionDate "2022.10.05"]
[SourceQuality "1"]

1. d4 Nf6 2. Nf3 e6 3. Bg5 d5 4. e3 Be7 5. Bxf6 Bxf6 6. c4 0-0 7. Nc3 c5 8. cxd5 cxd4 9. Nxd4 exd5 10. Bb5 Qd6 11. 0-0 Nc6 12. Nf3 Rd8 13. Be2 a6 14. Qa4 Bf5 15. Rad1 Qc5 16. Rc1 Qb4 17. Qxb4 Nxb4 18. a3 Nc6 19. Rfd1 d4 20. exd4 Bxd4 21. Nxd4 Nxd4 22. f3 Be6 23. Kf2 Bb3 24. Rd2 Rac8 25. Re1 Ne6 26. Rxd8+ Rxd8 27. Ke3 f5 28. f4 Kf7 29. Bd3 Kf6 30. g3 h6 31. h4 Nd4 32. Kf2 Ne6 33. Bb1 g6 34. Re5 Rd2+ 35. Re2 Rd4 36. Ke3 Rd6 37. Rd2 Rb6 38. Bc2 Nc5 39. Bb1 a5 40. h5 Be6 41. hxg6 Kxg6 42. Rh2 Rd6 43. Bc2 Bd7 44. g4 b5 45. b4 axb4 46. axb4 Na4 47. Bxf5+ Bxf5 48. gxf5+ Kxf5 49. Nxb5 Rb6 50. Nd4+ Kg4 51. b5 Nc3 52. Rg2+ Kh3 53. Rc2 Nxb5 54. Rb2 Nc7 55. Rxb6 Nd5+ 56. Ke4 Nxb6 57. Ke5 Kg4 58. f5 h5 59. Ke6 h4 60. f6 h3 61. Nf3 1-0

[Event "CRO-chT2 East"]
[Site "Osijek"]
[Date "2013.10.12"]
[Round "7.46"]
[White "Ozanic, Marijan"]
[Black "Milosevic, Milutin"]
[Result "1/2-1/2"]
[WhiteElo "2133"]
[BlackElo "2039"]
[PlyCount "85"]
[EventDate "2013.04.20"]
[EventType "team-tourn"]
[EventRounds "11"]
[EventCountry "CRO"]
[SourceTitle "EXT 2023"]
[Source "ChessBase"]
[SourceDate "2022.10.05"]
[SourceVersion "1"]
[SourceVersionDate "2022.10.05"]
[SourceQuality "1"]

1. e4 e5 2. Nf3 d6 3. Bc4 h6 4. c3 Nf6 5. d3 Be7 6. h3 Nc6 7. b4 a6 8. a4 0-0 9. 0-0 Nh7 10. d4 Ng5 11. d5 Nb8 12. Nxg5 Bxg5 13. Bd3 Bxc1 14. Qxc1 f5 15. exf5 Bxf5 16. Bxf5 Rxf5 17. a5 Nd7 18. c4 Qf6 19. Nc3 Rf8 20. Ne4 Qg6 21. Qe3 Rf3 22. Qe2 Rxh3 23. Ng3 Rh4 24. Ra3 Rff4 25. Rc3 Nf6 26. Rfc1 Ne4 27. Nxe4 Rxe4 28. Qc2 Qh5 29. Rh3 Reg4 30. Rxh4 Rxh4 31. f3 Rh1+ 32. Kf2 Qh4+ 33. Ke2 Qg3 34. Rxh1 Qxg2+ 35. Kd3 Qxf3+ 36. Kd2 Qxh1 37. Qf5 Qh2+ 38. Kc3 Qg3+ 39. Kb2 e4 40. Qe6+ Kf8 41. Qc8+ Ke7 42. Qe6+ Kd8 43. Qg8+ 1/2-1/2

[Event "CRO-chT2 East"]
[Site "Osijek"]
[Date "2013.04.21"]
[Round "3.65"]
[White "Milosevic, Milutin"]
[Black "Jozic, Zoran"]
[Result "1-0"]
[WhiteElo "2039"]
[BlackElo "2008"]
[PlyCount "211"]
[EventDate "2013.04.20"]
[EventType "team-tourn"]
[EventRounds "11"]
[EventCountry "CRO"]
[SourceTitle "EXT 2023"]
[Source "ChessBase"]
[SourceDate "2022.10.05"]
[SourceVersion "1"]
[SourceVersionDate "2022.10.05"]
[SourceQuality "1"]

1. d4 Nf6 2. Nf3 c5 3. e3 e6 4. Be2 Be7 5. 0-0 0-0 6. b3 b6 7. Bb2 Bb7 8. Nbd2 d6 9. c4 Na6 10. Rc1 Rc8 11. Re1 h6 12. Bd3 Qc7 13. h3 Nb4 14. Bb1 Nc6 15. e4 e5 16. dxe5 dxe5 17. Qe2 Nd4 18. Nxd4 cxd4 19. Bd3 Nh7 20. Rf1 Bg5 21. Rcd1 Qc6 22. Ba3 Rfe8 23. Nf3 f5 24. Rde1 f4 25. Rc1 Qe6 26. c5 Kh8 27. cxb6 axb6 28. Bb4 Be7 29. Bd2 Bd6 30. Nh2 Nf6 31. Nf3 Nd7 32. Bb5 Rf8 33. Ne1 Nc5 34. f3 Qg6 35. Nd3 Ra8 36. Rc2 Bc8 37. Kh1 Bb7 38. Rfc1 Bxe4 39. fxe4 Nxe4 40. Be1 Ng3+ 41. Bxg3 Qxg3 42. Qf3 e4 43. Qxg3 fxg3 44. Nb2 d3 45. Bxd3 exd3 46. Nxd3 Ba3 47. Re1 Rad8 48. Ne5 Kh7 49. Nf3 Bc5 50. Rce2 Bf2 51. Rc1 Rd5 52. Rd2 Rxd2 53. Nxd2 Be3 54. Rf1 Rc8 55. Ne4 Rc2 56. Nxg3 Rxa2 57. Rf3 Ra1+ 58. Nf1 Bc5 59. g4 Ra2 60. Ng3 Ra1+ 61. Kg2 Rg1+ 62. Kh2 Rb1 63. Ne4 Bd4 64. Rd3 Be5+ 65. Kg2 Rb2+ 66. Nf2 b5 67. Kf3 b4 68. Nd1 Rh2 69. Ke4 Bf6 70. Rf3 Rd2 71. Rd3 Re2+ 72. Kd5 Rc2 73. Ne3 Rc8 74. Ke4 Kg6 75. Nd5 Re8+ 76. Kf3 Rb8 77. Nxf6 gxf6 78. Rd4 Rb5 79. Kf4 h5 80. Rc4 hxg4 81. hxg4 Kf7 82. Rd4 Ke6 83. Ke4 Re5+ 84. Kd3 f5 85. gxf5+ Rxf5 86. Kc4 Rf8 87. Kxb4 Rb8+ 88. Kc3 Ke5 89. Rd1 Rc8+ 90. Kb2 Rc5 91. b4 Rd5 92. Rc1 Kd6 93. Kb3 Rd2 94. b5 Rd3+ 95. Kb4 Rd2 96. Ka5 Ra2+ 97. Kb6 Ra3 98. Rd1+ Ke7 99. Kb7 Rb3 100. b6 Rb2 101. Kc7 Rc2+ 102. Kb8 Ra2 103. b7 Ra3 104. Rd5 Ra2 105. Kc7 Rc2+ 106. Kb6 1-0

[Event "CRO-chT2c"]
[Site "Croatia"]
[Date "2009.11.08"]
[Round "10"]
[White "Milosevic, Milutin"]
[Black "Poljanac, Boris"]
[Result "0-1"]
[WhiteElo "2020"]
[BlackElo "2028"]
[PlyCount "76"]
[EventDate "2009.04.04"]
[EventType "team-tourn"]
[EventRounds "11"]
[EventCountry "CRO"]
[SourceTitle "EXT 2011"]
[Source "ChessBase"]
[SourceDate "2010.11.26"]
[SourceVersion "1"]
[SourceVersionDate "2010.11.26"]
[SourceQuality "1"]

1. d4 Nf6 2. c4 g6 3. Nc3 Bg7 4. Nf3 0-0 5. h3 d6 6. e3 Nbd7 7. Be2 e5 8. 0-0 Re8 9. dxe5 dxe5 10. e4 c6 11. Qc2 Qc7 12. b3 Bf8 13. Be3 Nc5 14. b4 Ne6 15. c5 Nh5 16. Rfd1 Nhf4 17. Bxf4 Nxf4 18. Bf1 Be6 19. Rd2 Rad8 20. Rad1 Rxd2 21. Qxd2 Be7 22. Qe3 f6 23. Kh2 Qc8 24. a3 Kg7 25. Ng1 Bf7 26. g3 Ne6 27. Nf3 Rd8 28. Rd2 Rxd2 29. Qxd2 Qd8 30. Kg2 Qxd2 31. Nxd2 Nd4 32. Bd3 g5 33. Na4 Nb3 34. Nc4 Be6 35. Nc3 Kf8 36. g4 Ke8 37. Kf3 Bxc4 38. Bxc4 Nd2+ 0-1

[Event "CRO-chT2c"]
[Site "Croatia"]
[Date "2009.04.05"]
[Round "3"]
[White "Zulj, Leon"]
[Black "Milosevic, Milutin"]
[Result "1-0"]
[WhiteElo "2227"]
[BlackElo "2026"]
[PlyCount "87"]
[EventDate "2009.04.04"]
[EventType "team-tourn"]
[EventRounds "11"]
[EventCountry "CRO"]
[SourceTitle "EXT 2010"]
[Source "ChessBase"]
[SourceDate "2010.11.25"]
[SourceVersion "1"]
[SourceVersionDate "2010.11.25"]
[SourceQuality "1"]

1. d4 d5 2. c4 c6 3. Nf3 Nf6 4. Nc3 Bg4 5. Ne5 e6 6. Nxg4 Nxg4 7. e4 Nf6 8. e5 Nfd7 9. Qb3 Qb6 10. c5 Qxb3 11. axb3 b5 12. Bd3 Be7 13. 0-0 0-0 14. f4 f5 15. Bd2 a6 16. Na2 Rf7 17. Nb4 Nf8 18. Ra2 Bd8 19. Rfa1 Rfa7 20. Nc2 h6 21. Kf2 g5 22. h3 gxf4 23. Bxf4 Bg5 24. Be3 Kg7 25. g3 Ng6 26. Kf3 Rf7 27. Bf2 h5 28. Rf1 Raa7 29. h4 Bh6 30. Be3 Bxe3 31. Kxe3 Kh6 32. Ne1 Rg7 33. Nf3 Rge7 34. Ng5 Rac7 35. Raa1 Rc8 36. Nxe6 Rxe6 37. Bxf5 Rce8 38. Bxe6 Rxe6 39. Rf7 Ne7 40. Rf8 Nd7 41. Rd8 Nxe5 42. dxe5 Rxe5+ 43. Kf3 Nf5 44. Kf4 1-0

[Event "Vukovar VSZ-ch"]
[Site "Vukovar"]
[Date "2005.08.03"]
[Round "8"]
[White "Radulovic, Bojan"]
[Black "Milosevic, Milutin"]
[Result "1-0"]
[WhiteElo "2205"]
[BlackElo "1999"]
[PlyCount "47"]
[EventDate "2005.07.29"]
[EventType "swiss"]
[EventRounds "9"]
[EventCountry "CRO"]
[SourceTitle "CBM 107 Extra"]
[Source "ChessBase"]
[SourceDate "2005.09.01"]
[SourceVersion "1"]
[SourceVersionDate "2005.09.01"]
[SourceQuality "1"]

1. e4 e5 2. Nf3 Nc6 3. Bb5 a6 4. Ba4 Nf6 5. 0-0 b5 6. Bb3 h6 7. Re1 Bc5 8. c3 0-0 9. d4 exd4 10. cxd4 Bb4 11. Nc3 d6 12. h3 Re8 13. Qd3 Ba5 14. Bf4 Nb4 15. Qb1 Nc6 16. a3 Bb6 17. Qa2 Rf8 18. Rad1 Na5 19. Bc2 Be6 20. d5 Bd7 21. b4 Nh5 22. bxa5 Bxa5 23. Bd2 Qf6 24. e5 1-0

[Event "Borovo op"]
[Site "Borovo"]
[Date "2003.??.??"]
[Round "2"]
[White "Milosevic, Milutin"]
[Black "Mladenovic, Velisa"]
[Result "1-0"]
[WhiteElo "2084"]
[BlackElo "2223"]
[PlyCount "75"]
[EventDate "2003.??.??"]
[EventType "swiss"]
[EventRounds "9"]
[EventCountry "CRO"]
[SourceTitle "EXT 2005"]
[Source "ChessBase"]
[SourceDate "2004.11.15"]
[SourceVersion "1"]
[SourceVersionDate "2004.11.15"]
[SourceQuality "1"]

1. d4 d5 2. c4 c6 3. Nc3 Bf5 4. Bf4 Nf6 5. Nf3 e6 6. e3 Nbd7 7. Rc1 Be7 8. cxd5 exd5 9. Bd3 Bxd3 10. Qxd3 0-0 11. 0-0 h6 12. h3 Re8 13. Ne5 Nxe5 14. Bxe5 Nd7 15. Bg3 Rc8 16. Ne2 Nf6 17. a3 a6 18. b4 a5 19. Qb3 axb4 20. axb4 Ne4 21. Rfd1 Nxg3 22. Nxg3 Ra8 23. b5 cxb5 24. Qxb5 b6 25. Rc6 Rb8 26. Nf5 Qd7 27. Nxe7+ Rxe7 28. Rb1 Re6 29. Rxb6 Rexb6 30. Qxd7 Rxb1+ 31. Kh2 R1b5 32. f3 R8b7 33. Qd8+ Kh7 34. e4 dxe4 35. fxe4 Rb4 36. e5 Rb2 37. Qd5 R7b4 38. Qxf7 1-0